Datum a čas kvízu
18.5
Celkem bodů
Celkový počet nahraných bodů na tomto kvízu bez doplňovacích otázek.
5.
Pořadí na kvízu
Konečné umístění týmu na tomto kvízu.
Zaznamenané odpovědi
| # | Otázka | Odpověď | Body | Výsledky |
|---|---|---|---|---|
| 1. | Komunální volby mají mnohdy ku... | 0 | ||
| 2. | Někteří světoví státníci letos... | 0 | ||
| 3. | Slovenským potápěčům se podaři... | 0 | ||
| 4. | Minulý týden byl ohlášen konec... | 0 | ||
| 5. | Minulý týden bylo oznámeno, že... | 0 | ||
| 6. | Ukrajina patří mezi největší z... | 0 | ||
| 7. | Hlavním a největším městem Ukr... | 1 | ||
| 8. | Jak se jmenuje prezident Ukraj... | 0 | ||
| 9. | Mezi nejtypičtější ukrajinské... | 0 | ||
| 10. | Ukrajina drží jeden zajímavý s... | 0 |